Normal view
MARC view
Entry Personal Name
001 - CONTROL NUMBER
- control field: 24920
003 - CONTROL NUMBER IDENTIFIER
- control field: ARRUPE
005 - DATE AND TIME OF LATEST TRANSACTION
- control field: 20160812095804.0
008 - FIXED-LENGTH DATA ELEMENTS
- fixed length control field: 160812|| aca||aabn | a|a d
040 ## - CATALOGING SOURCE
- Original cataloging agency: ARRUPE
- Transcribing agency: ARRUPE
100 ## - HEADING--PERSONAL NAME
- Personal name: Davidson, A. B.
- Fuller form of name: (Andrew Bruce),
- Dates associated with a name: 1831-1902.
670 ## - SOURCE DATA FOUND
- Source citation: Work cat.: (ARRUPE)0: Davidson, A. B. (Andrew Bruce), 1831-1902., An introductory Hebrew grammar :, 1967